[Event "26.Torneo Collado Villalba 2011"]
[Site "Collado Villalba ESP"]
[Date "2011.08.27"]
[Round "5.12"]
[White "Luna Hermoso, Angel"]
[Black "Montanes Arribas, Adrian"]
[Result "0-1"]
[WhiteElo "2046"]
[BlackElo "2177"]
[PlyCount "46"]
[EventDate "2011.08.23"]
[EventType "swiss"]
[EventRounds "9"]
[EventCountry "ESP"]
[Source "lmi"]
[SourceDate "2011.08.23"]

1. e4 c5 2. Nf3 d6 3. d4 cxd4 4. Nxd4 Nf6 5. Nc3 a6 6. Be2 e5 7. Nb3 Be7 8. a4
Be6 9. Be3 Nbd7 10. O-O O-O 11. Nc1 Rc8 12. f3 Nb6 13. Nd3 Nc4 14. Bf2 Nxb2 15.
Nxb2 Rxc3 16. Qd2 Qc8 17. Rfc1 d5 18. exd5 Nxd5 19. Nd3 h6 20. h4 f6 21. Be1
Rd8 22. Qd1 Rc6 23. Bd2 Nc3 0-1

[Event "26.Torneo Collado Villalba 2011"]
[Site "Collado Villalba ESP"]
[Date "2011.08.27"]
[Round "5.13"]
[White "Malmi, Eric"]
[Black "Mena Corrochano, Alberto"]
[Result "1/2-1/2"]
[WhiteElo "2044"]
[BlackElo "2175"]
[PlyCount "76"]
[EventDate "2011.08.23"]
[EventType "swiss"]
[EventRounds "9"]
[EventCountry "ESP"]
[Source "lmi"]
[SourceDate "2011.08.23"]

1. e4 c5 2. c3 Nf6 3. e5 Nd5 4. d4 cxd4 5. Nf3 e6 6. cxd4 d6 7. Nc3 Nxc3 8.
bxc3 Qc7 9. Bd2 Nd7 10. exd6 Bxd6 11. Bd3 b6 12. Qe2 Bb7 13. O-O O-O 14. h3 Bf4
15. Bxf4 Qxf4 16. Qd2 Qxd2 17. Nxd2 Rfd8 18. a4 Nf6 19. a5 Rac8 20. axb6 axb6
21. Ba6 Bxa6 22. Rxa6 Rxc3 23. Rxb6 Nd5 24. Rb2 Nf4 25. Rb3 Rxb3 26. Nxb3 Rb8
27. Ra1 g6 28. Ra3 Ne2+ 29. Kf1 Nc3 30. Nd2 Nd5 31. g3 Rb2 32. Rd3 Rc2 33. Kg2
g5 34. Nf1 h5 35. Ne3 Nxe3+ 36. Rxe3 Kg7 37. d5 exd5 38. Re5 f6 1/2-1/2

[Event "26.Torneo Collado Villalba 2011"]
[Site "Collado Villalba ESP"]
[Date "2011.08.27"]
[Round "5.14"]
[White "Prieto Martin, Alfonso"]
[Black "Erice Alonso, Santiago"]
[Result "1-0"]
[WhiteElo "2167"]
[BlackElo "2043"]
[PlyCount "111"]
[EventDate "2011.08.23"]
[EventType "swiss"]
[EventRounds "9"]
[EventCountry "ESP"]
[Source "lmi"]
[SourceDate "2011.08.23"]

1. c4 e5 2. Nc3 Nf6 3. Nf3 Nc6 4. d4 exd4 5. Nxd4 Bb4 6. Bg5 O-O 7. e3 h6 8.
Bh4 Re8 9. Be2 Ne5 10. Qb3 Bxc3+ 11. Qxc3 Ng6 12. Bg3 Ne4 13. Qc2 c5 14. Nb3 d5
15. O-O-O d4 16. exd4 Qg5+ 17. Kb1 Nf4 18. Bxf4 Qxf4 19. Bd3 cxd4 20. g3 Qf6
21. Rhe1 Nd6 22. Rxe8+ Nxe8 23. Nxd4 Bg4 24. f3 Bxf3 25. Nxf3 Qxf3 26. Be4 Qf6
27. Bxb7 Rb8 28. Bd5 Nd6 29. a3 a5 30. Rd3 Kh8 31. Rb3 Qf1+ 32. Ka2 Rf8 33. c5
Rc8 34. cxd6 Rxc2 35. d7 Rc1 36. d8=Q+ Kh7 37. Be4+ f5 38. Bxf5+ Qxf5 39. Qd3
Rc5 40. Qxf5+ Rxf5 41. a4 Rf2 42. h3 Rh2 43. h4 Rg2 44. Rb5 Rxg3 45. Rxa5 g5
46. hxg5 hxg5 47. Re5 Kg6 48. a5 Rf3 49. a6 Rf7 50. b4 g4 51. b5 g3 52. Re3
Rf2+ 53. Kb3 g2 54. Rg3+ Kh5 55. Rxg2 Rxg2 56. a7 1-0

[Event "26.Torneo Collado Villalba 2011"]
[Site "Collado Villalba ESP"]
[Date "2011.08.27"]
[Round "5.15"]
[White "Bolea Jover, Jose"]
[Black "Martin Duque, Jesus"]
[Result "0-1"]
[WhiteElo "2021"]
[BlackElo "2124"]
[PlyCount "48"]
[EventDate "2011.08.23"]
[EventType "swiss"]
[EventRounds "9"]
[EventCountry "ESP"]
[Source "lmi"]
[SourceDate "2011.08.23"]

1. e4 d6 2. d4 Nf6 3. Bd3 e5 4. c3 Nc6 5. Ne2 g6 6. Bg5 Bg7 7. O-O h6 8. Bd2
exd4 9. cxd4 O-O 10. Re1 Re8 11. Nbc3 Bd7 12. Rc1 a6 13. Bb1 b5 14. a3 Na5 15.
b3 c6 16. Bf4 Be6 17. d5 cxd5 18. exd5 Bg4 19. h3 Bc8 20. b4 Nc4 21. a4 Bd7 22.
a5 Rc8 23. Ba2 Nh5 24. Bh2 Qg5 0-1

[Event "26.Torneo Collado Villalba 2011"]
[Site "Collado Villalba ESP"]
[Date "2011.08.27"]
[Round "5.16"]
[White "Rodrigo Yanguas, Maria"]
[Black "Suarez Triguero, Jose Alfonso"]
[Result "1/2-1/2"]
[WhiteElo "2102"]
[BlackElo "2079"]
[PlyCount "20"]
[EventDate "2011.08.23"]
[EventType "swiss"]
[EventRounds "9"]
[EventCountry "ESP"]
[Source "lmi"]
[SourceDate "2011.08.23"]

1. e4 Nf6 2. e5 Ng8 3. d4 d6 4. exd6 exd6 5. Bd3 Nf6 6. Nc3 Bg4 7. Nge2 Be7 8.
O-O O-O 9. Bg5 Nd5 10. Bxe7 Nxe7 1/2-1/2

[Event "26.Torneo Collado Villalba 2011"]
[Site "Collado Villalba ESP"]
[Date "2011.08.27"]
[Round "5.17"]
[White "Unciti Juan, Javier"]
[Black "Torres Samper, Rafael"]
[Result "1-0"]
[WhiteElo "2133"]
[BlackElo "2015"]
[PlyCount "41"]
[EventDate "2011.08.23"]
[EventType "swiss"]
[EventRounds "9"]
[EventCountry "ESP"]
[Source "lmi"]
[SourceDate "2011.08.23"]

1. d4 Nf6 2. Bg5 c5 3. Nc3 Qb6 4. d5 Qxb2 5. Bd2 Qb6 6. e4 d6 7. f4 e6 8. Rb1
Qc7 9. Bb5+ Nbd7 10. dxe6 fxe6 11. a4 Be7 12. Nf3 O-O 13. Ng5 Nb8 14. Bc4 d5
15. exd5 exd5 16. Nxd5 Nxd5 17. Bxd5+ Kh8 18. O-O Bf6 19. Nxh7 Bd4+ 20. Kh1 Rd8
21. Ng5 1-0

[Event "26.Torneo Collado Villalba 2011"]
[Site "Collado Villalba ESP"]
[Date "2011.08.27"]
[Round "5.18"]
[White "De La Fuente Gonzalez, Francisc"]
[Black "Esquivias Gomez, Francisco J"]
[Result "1-0"]
[WhiteElo "2190"]
[BlackElo "2036"]
[PlyCount "67"]
[EventDate "2011.08.23"]
[EventType "swiss"]
[EventRounds "9"]
[EventCountry "ESP"]
[Source "lmi"]
[SourceDate "2011.08.23"]

1. c4 e5 2. g3 Nc6 3. Nc3 f5 4. Bg2 Nf6 5. d3 Bb4 6. Bd2 O-O 7. Nf3 Bxc3 8.
Bxc3 d6 9. O-O Qe8 10. b4 Qh5 11. b5 Nd8 12. c5 e4 13. dxe4 fxe4 14. Bxf6 Rxf6
15. cxd6 Rxd6 16. Nd4 Nf7 17. e3 Bg4 18. Qb3 Rh6 19. h4 Bf3 20. Rac1 Rc8 21.
Nxf3 exf3 22. Bh3 Rf8 23. Rxc7 Kh8 24. Rd1 Ng5 25. Bf1 Ne6 26. Rxb7 Rg6 27. Qc4
Rxg3+ 28. fxg3 f2+ 29. Kh2 Qxd1 30. Rxa7 Ng5 31. hxg5 Qh5+ 32. Qh4 Qd1 33. g6
h6 34. Rf7 1-0

[Event "26.Torneo Collado Villalba 2011"]
[Site "Collado Villalba ESP"]
[Date "2011.08.27"]
[Round "5.19"]
[White "Madurga Lopez, Ignacio"]
[Black "Gonzalez Mateos, Rafael"]
[Result "1-0"]
[WhiteElo "2036"]
[BlackElo "2186"]
[PlyCount "97"]
[EventDate "2011.08.23"]
[EventType "swiss"]
[EventRounds "9"]
[EventCountry "ESP"]
[Source "lmi"]
[SourceDate "2011.08.23"]

1. e4 e6 2. d4 d5 3. e5 c5 4. c3 Nc6 5. Nf3 Qb6 6. a3 c4 7. Nbd2 f6 8. Be2 fxe5
9. dxe5 Nh6 10. b3 cxb3 11. Nxb3 Nf7 12. Nbd4 Nfxe5 13. Nxe5 Nxe5 14. Bb5+ Kf7
15. Qh5+ Ng6 16. O-O Bc5 17. Rb1 Qd6 18. Bd3 Kg8 19. Nb5 Qc6 20. Nd4 Qd6 21.
Re1 e5 22. Bxg6 hxg6 23. Qxe5 b6 24. Qe8+ Kh7 25. Qe2 Bd7 26. Nf3 Rhe8 27. Be3
Bxe3 28. fxe3 Kg8 29. Rb4 Re4 30. Rd1 Rae8 31. Rxe4 Rxe4 32. Qd3 Qc5 33. Qxd5+
Qxd5 34. Rxd5 Be8 35. Re5 Rxe5 36. Nxe5 Kf8 37. Kf2 Ke7 38. Kf3 Kd6 39. Ke4 Kc5
40. c4 b5 41. cxb5 Kxb5 42. Kd4 Ka4 43. Nc4 Kb3 44. e4 Bb5 45. Nd6 Bd7 46. Kc5
Kxa3 47. Nb5+ Ka4 48. Nxa7 Ka5 49. Nc6+ 1-0

[Event "26.Torneo Collado Villalba 2011"]
[Site "Collado Villalba ESP"]
[Date "2011.08.27"]
[Round "5.20"]
[White "Bote Kobolo, Benjamin"]
[Black "Arauz Alonso, Fernando"]
[Result "1-0"]
[WhiteElo "1979"]
[BlackElo "2123"]
[PlyCount "73"]
[EventDate "2011.08.23"]
[EventType "swiss"]
[EventRounds "9"]
[EventCountry "ESP"]
[Source "lmi"]
[SourceDate "2011.08.23"]

1. e4 c6 2. Nf3 d5 3. e5 Bf5 4. Nd4 Qc8 5. Qf3 Be4 6. Qg3 e6 7. Nc3 Bg6 8. d3
Ne7 9. h4 c5 10. Ncb5 Nec6 11. Nxc6 Nxc6 12. h5 Bf5 13. h6 g6 14. Qf4 a6 15.
Nc3 d4 16. Nb1 g5 17. Qxg5 Nxe5 18. Be2 Qd8 19. Qh5 Rg8 20. Rg1 Ng4 21. Nd2 Nf6
22. Qh1 Qc7 23. Nc4 Nd5 24. g4 Bg6 25. a4 Bd6 26. Bf3 O-O-O 27. Bd2 Nb4 28. Kd1
Rge8 29. Ra3 e5 30. Re1 f5 31. gxf5 Bxf5 32. a5 Kb8 33. Rb3 Be6 34. c3 e4 35.
Bxe4 Bg4+ 36. Kc1 dxc3 37. bxc3 1-0

[Event "26.Torneo Collado Villalba 2011"]
[Site "Collado Villalba ESP"]
[Date "2011.08.27"]
[Round "5.21"]
[White "Camarero Izquierdo, Juan C"]
[Black "Garcia Galeote, Lorenzo"]
[Result "0-1"]
[WhiteElo "1946"]
[BlackElo "2059"]
[PlyCount "52"]
[EventDate "2011.08.23"]
[EventType "swiss"]
[EventRounds "9"]
[EventCountry "ESP"]
[Source "lmi"]
[SourceDate "2011.08.23"]

1. d4 d5 2. Nc3 Nc6 3. Bf4 e6 4. Qd2 Bd6 5. O-O-O Nf6 6. Bxd6 cxd6 7. f3 O-O 8.
g4 b5 9. g5 Ne8 10. Nxb5 Qb6 11. e4 Rb8 12. c3 Ba6 13. Na3 Nc7 14. exd5 Nxd5
15. Nc4 Qc7 16. Ne3 Nxe3 17. Qxe3 Bxf1 18. Rxf1 Qb6 19. Rf2 e5 20. Rd2 Rfe8 21.
Re2 Qa6 22. Kb1 Re7 23. d5 Na5 24. h4 Reb7 25. Rhh2 Nc4 26. Qe4 Nd2+ 0-1

[Event "26.Torneo Collado Villalba 2011"]
[Site "Collado Villalba ESP"]
[Date "2011.08.27"]
[Round "5.22"]
[White "Morona Minguez, Irene"]
[Black "Aziz Ortego, Omar Luis"]
[Result "1/2-1/2"]
[WhiteElo "1930"]
[BlackElo "2168"]
[PlyCount "91"]
[EventDate "2011.08.23"]
[EventType "swiss"]
[EventRounds "9"]
[EventCountry "ESP"]
[Source "lmi"]
[SourceDate "2011.08.23"]

1. e4 e5 2. Nf3 Nc6 3. Bb5 a6 4. Ba4 Nf6 5. O-O b5 6. Bb3 Be7 7. Re1 d6 8. c3
Na5 9. Bc2 c5 10. d4 Qc7 11. dxe5 dxe5 12. Nbd2 O-O 13. Nf1 Bb7 14. Ng3 Rfd8
15. Qe2 g6 16. Ng5 c4 17. h4 h5 18. Rf1 Bc5 19. Kh1 Rd7 20. f4 Bd6 21. f5 Ng4
22. Bd2 Qb6 23. Rf3 Bc5 24. Raf1 Rad8 25. Bc1 Bc8 26. Ne6 fxe6 27. fxg6 Rg7 28.
Nxh5 Rxg6 29. Nf6+ Nxf6 30. Rxf6 Rg7 31. Qh5 Rf8 32. Rxf8+ Bxf8 33. Qe8 Qc5 34.
Bh6 Qe7 35. Qxc8 Qxh4+ 36. Kg1 Rxg2+ 37. Kxg2 Qxh6 38. Rg1 Kf7 39. Qc7+ Ke8 40.
Qc8+ Ke7 41. Qc5+ Ke8 42. Qc8+ Ke7 43. Rf1 Qg5+ 44. Kf2 Bh6 45. Qc7+ Ke8 46.
Qc8+ 1/2-1/2

[Event "26.Torneo Collado Villalba 2011"]
[Site "Collado Villalba ESP"]
[Date "2011.08.27"]
[Round "5.23"]
[White "Olivera Gutierrez, Albert"]
[Black "Gordillo, Manuel"]
[Result "0-1"]
[WhiteElo "2036"]
[BlackElo "1930"]
[PlyCount "138"]
[EventDate "2011.08.23"]
[EventType "swiss"]
[EventRounds "9"]
[EventCountry "ESP"]
[Source "lmi"]
[SourceDate "2011.08.23"]

1. e4 e6 2. d4 d5 3. exd5 exd5 4. Bd3 Nc6 5. Ne2 Bd6 6. c3 Qf6 7. Nd2 Bf5 8.
Nf3 h6 9. b4 Nge7 10. a4 Ng6 11. b5 Nce7 12. Ba3 Rd8 13. Bxd6 Rxd6 14. Bxf5
Nxf5 15. O-O O-O 16. Nc1 Nfh4 17. Nxh4 Qxh4 18. Nd3 f5 19. Re1 f4 20. f3 Qg5
21. Ra2 Nh4 22. Nc5 Qh5 23. Re5 Rf5 24. Nxb7 Rg6 25. Kh1 Rxe5 26. dxe5 Qxe5 27.
Re2 Qg5 28. Qf1 Nf5 29. Re8+ Kh7 30. Qf2 Qh5 31. Rf8 Qg5 32. Nd8 Rb6 33. Rh8+
Kg6 34. Nc6 a6 35. Qe2 Ne3 36. Re8 Kh7 37. Re5 Qg6 38. h3 Qb1+ 39. Kh2 Nf1+ 40.
Kg1 Ng3+ 41. Qe1 Qxe1+ 42. Rxe1 axb5 43. Nb4 bxa4 44. Nxd5 Rc6 45. Nxf4 Rxc3
46. Ra1 Rc4 47. Nd5 Ne2+ 48. Kf2 Nd4 49. Ne3 Nc2 50. Nxc4 Nxa1 51. Na3 Kg6 52.
Ke3 Kf5 53. g3 Nb3 54. f4 h5 55. Nb5 c6 56. Nd6+ Ke6 57. Nc4 c5 58. g4 hxg4 59.
hxg4 Nd4 60. Ke4 Nc2 61. f5+ Kf6 62. Kd3 Nb4+ 63. Ke4 Kg5 64. Kf3 Nc2 65. Nd6
a3 66. Ne4+ Kh6 67. g5+ Kh7 68. Nxc5 a2 69. Nb3 Nd4+ 0-1

[Event "26.Torneo Collado Villalba 2011"]
[Site "Collado Villalba ESP"]
[Date "2011.08.27"]
[Round "5.24"]
[White "Angelina Vela, Carlos"]
[Black "Martin-Consuegra Barrilero, Jav"]
[Result "1-0"]
[WhiteElo "1998"]
[BlackElo "1892"]
[PlyCount "107"]
[EventDate "2011.08.23"]
[EventType "swiss"]
[EventRounds "9"]
[EventCountry "ESP"]
[Source "lmi"]
[SourceDate "2011.08.23"]

1. c4 d6 2. Nc3 e5 3. g3 Nf6 4. Bg2 c6 5. e4 Be7 6. Nge2 O-O 7. d4 a5 8. O-O
Nbd7 9. Qc2 Qc7 10. b3 Re8 11. Bb2 Nf8 12. Rac1 Ne6 13. Rfd1 Qb8 14. a3 Nxd4
15. Nxd4 exd4 16. Rxd4 Ng4 17. h3 Bf6 18. Rd2 Ne5 19. Kh2 g5 20. Rcd1 Be7 21.
Ne2 g4 22. h4 f6 23. Nf4 Rf8 24. Qc3 Qc7 25. a4 b6 26. Ba3 Rd8 27. Qe3 Kf7 28.
Nh5 Kg6 29. Nf4+ Kf7 30. Nd3 Be6 31. Qh6 Kg8 32. Nf4 Bf7 33. Nh5 Bxh5 34. Qxh5
c5 35. Bb2 Qc8 36. f4 Nf3+ 37. Bxf3 gxf3 38. Qxf3 Qe6 39. Rd5 Rf8 40. Rf5 Rf7
41. g4 Re8 42. Bc3 Bf8 43. Re1 Bg7 44. Rd5 Rfe7 45. g5 fxg5 46. Rxg5 Kh8 47.
Rxg7 Rxg7 48. Rg1 Reg8 49. f5 Qh6 50. Qg3 Qd2+ 51. Bxd2 Rxg3 52. Rxg3 h5 53.
Rxg8+ Kxg8 54. Bf4 1-0

[Event "26.Torneo Collado Villalba 2011"]
[Site "Collado Villalba ESP"]
[Date "2011.08.27"]
[Round "5.26"]
[White "Hernandez Yanez, Javier"]
[Black "Hernandez Castro, Julio Cesar"]
[Result "1-0"]
[WhiteElo "1973"]
[BlackElo "1838"]
[PlyCount "129"]
[EventDate "2011.08.23"]
[EventType "swiss"]
[EventRounds "9"]
[EventCountry "ESP"]
[Source "lmi"]
[SourceDate "2011.08.23"]

1. c4 Nf6 2. g3 g6 3. Bg2 Bg7 4. Nc3 O-O 5. e4 d6 6. Nge2 Nbd7 7. O-O Ne5 8. d3
a5 9. d4 Ned7 10. f3 e5 11. Be3 c6 12. a3 Qc7 13. d5 Rd8 14. Rc1 Ne8 15. b4 Nf8
16. dxc6 bxc6 17. b5 Be6 18. bxc6 Qxc6 19. Nd5 Bxd5 20. cxd5 Qb7 21. Rb1 Qa6
22. Qd2 Rab8 23. Rfc1 f5 24. Bf1 Qa8 25. Bb6 Rxb6 26. Rxb6 Qa7 27. Qe3 Nd7 28.
Rb3 Qxe3+ 29. Rxe3 Bh6 30. f4 exf4 31. Nxf4 g5 32. Ne6 g4 33. Nf4 Rb8 34. exf5
Ne5 35. Bg2 Nf6 36. Rec3 Rb2 37. R1c2 Rb1+ 38. Kf2 Nfd7 39. Rc8+ Kf7 40. Ra8 a4
41. Rxa4 Nc5 42. Ra7+ Kf6 43. Rxh7 Bxf4 44. gxf4 Ned3+ 45. Kg3 Rg1 46. Kxg4 Ne1
47. Rh6+ Kf7 48. Re2 Nxg2 49. Kf3 Ne1+ 50. Kf2 Rh1 51. Rxd6 Ned3+ 52. Kg3 Rg1+
53. Kf3 Rf1+ 54. Ke3 Nxf4 55. Rc2 Nfd3 56. Rc6 Re1+ 57. Kd2 Rh1 58. R2xc5 Nxc5
59. Rxc5 Rxh2+ 60. Kc3 Rh3+ 61. Kb4 Kf6 62. Rc3 Rh4+ 63. Kc5 Kxf5 64. d6 Ke6
65. Kc6 1-0

[Event "26.Torneo Collado Villalba 2011"]
[Site "Collado Villalba ESP"]
[Date "2011.08.27"]
[Round "5.27"]
[White "Fernandez Gil, Ruben Carlos"]
[Black "Serrano Martinez, Francisco Jos"]
[Result "1/2-1/2"]
[WhiteElo "1847"]
[BlackElo "1950"]
[PlyCount "36"]
[EventDate "2011.08.23"]
[EventType "swiss"]
[EventRounds "9"]
[EventCountry "ESP"]
[Source "lmi"]
[SourceDate "2011.08.23"]

1. e4 c5 2. Nf3 Nc6 3. d4 cxd4 4. Nxd4 g6 5. c4 Bg7 6. Be3 Nf6 7. Nc3 Ng4 8.
Qxg4 Nxd4 9. Qd1 e5 10. Nb5 O-O 11. Qd2 Qh4 12. Bd3 Nxb5 13. cxb5 d5 14. exd5
f5 15. d6 Be6 16. Bg5 Qg4 17. f3 Qd4 18. Be7 Rfc8 1/2-1/2

[Event "26.Torneo Collado Villalba 2011"]
[Site "Collado Villalba ESP"]
[Date "2011.08.27"]
[Round "5.29"]
[White "Montoya Pecurul, Marc"]
[Black "Jordana Vargas, Julio"]
[Result "1-0"]
[WhiteElo "1796"]
[BlackElo "1925"]
[PlyCount "69"]
[EventDate "2011.08.23"]
[EventType "swiss"]
[EventRounds "9"]
[EventCountry "ESP"]
[Source "lmi"]
[SourceDate "2011.08.23"]

1. e4 Nf6 2. e5 Nd5 3. d4 d6 4. c4 Nb6 5. exd6 cxd6 6. Nc3 g6 7. Bd3 Bg7 8.
Nge2 Nc6 9. Be3 Nb4 10. Bb1 O-O 11. b3 Nc6 12. O-O e5 13. a3 f5 14. d5 Ne7 15.
f4 Nd7 16. Ra2 Nf6 17. h3 Nh5 18. Qe1 g5 19. fxe5 f4 20. exd6 Qxd6 21. Bd4
Bxd4+ 22. Nxd4 Qc5 23. Ncb5 Bd7 24. b4 Qc8 25. Nd6 Qb8 26. c5 a6 27. Ne6 Bxe6
28. dxe6 Kg7 29. Qc3+ Nf6 30. Rd2 Kg8 31. Nf7 Rxf7 32. exf7+ Kxf7 33. Ba2+ Kg6
34. Rd6 Neg8 35. Bxg8 1-0

[Event "26.Torneo Collado Villalba 2011"]
[Site "Collado Villalba ESP"]
[Date "2011.08.27"]
[Round "5.30"]
[White "Perez Ortego, Alberto"]
[Black "Barahona Torrijos, Angel"]
[Result "0-1"]
[WhiteElo "1581"]
[BlackElo "1902"]
[PlyCount "74"]
[EventDate "2011.08.23"]
[EventType "swiss"]
[EventRounds "9"]
[EventCountry "ESP"]
[Source "lmi"]
[SourceDate "2011.08.23"]

1. e4 e5 2. Nf3 Nc6 3. Bc4 Nf6 4. Ng5 d5 5. exd5 b5 6. dxc6 bxc4 7. Qe2 Qd5 8.
O-O e4 9. d3 cxd3 10. cxd3 Ba6 11. Rd1 Bxd3 12. Rxd3 Qxd3 13. Nc3 Qxe2 14. Nxe2
Bc5 15. h3 h6 16. Nxe4 Nxe4 17. Be3 Bxe3 18. fxe3 O-O-O 19. Nd4 Rhe8 20. Rf1 f6
21. Nf5 Rd2 22. Nxg7 Rg8 23. Rf4 Rxg7 24. Rxe4 Rgxg2+ 25. Kf1 Kd8 26. Rf4 Ke7
27. Re4+ Kd6 28. Rd4+ Kxc6 29. Rc4+ Kd6 30. Rf4 Rh2 31. Kg1 Rdg2+ 32. Kf1 Rxb2
33. Kg1 Rhc2 34. Rxf6+ Ke5 35. Rf1 Rg2+ 36. Kh1 Rh2+ 37. Kg1 Rbg2# 0-1

[Event "26.Torneo Collado Villalba 2011"]
[Site "Collado Villalba ESP"]
[Date "2011.08.27"]
[Round "5.32"]
[White "Rodriguez Del Moral, Angel"]
[Black "Garcia-Sanchez Navarro, Mariano"]
[Result "1-0"]
[WhiteElo "1813"]
[BlackElo "1573"]
[PlyCount "93"]
[EventDate "2011.08.23"]
[EventType "swiss"]
[EventRounds "9"]
[EventCountry "ESP"]
[Source "lmi"]
[SourceDate "2011.08.23"]

1. d4 d5 2. Nf3 Bg4 3. Ne5 Bf5 4. Bf4 f6 5. Nd3 e6 6. e3 Bd6 7. Nd2 Ne7 8. Nf3
Ng6 9. Bg3 h5 10. Nh4 Nxh4 11. Bxh4 g5 12. Bg3 h4 13. Bxd6 Qxd6 14. Be2 Bg6 15.
c3 Nd7 16. Qb3 b6 17. c4 dxc4 18. Qxc4 Be4 19. f3 Bd5 20. Qc2 c5 21. dxc5 bxc5
22. Nf2 Kf7 23. e4 Bc6 24. Rd1 Qc7 25. Qc3 Qb6 26. O-O Qb4 27. Qxb4 cxb4 28.
Rd6 Rac8 29. Bc4 Rhe8 30. Ng4 Nc5 31. b3 Ke7 32. Rfd1 Bd5 33. exd5 Kxd6 34.
Nxf6 Rf8 35. dxe6+ Ke7 36. Nd5+ Ke8 37. Bb5+ Nd7 38. Bxd7+ Kd8 39. Bxc8 Kxc8
40. Nxb4 Re8 41. Rd6 Kb7 42. Nd5 Rc8 43. e7 Rc1+ 44. Kf2 Rc2+ 45. Ke3 Rc1 46.
Kd2 h3 47. gxh3 1-0

[Event "26.Torneo Collado Villalba 2011"]
[Site "Collado Villalba ESP"]
[Date "2011.08.27"]
[Round "5.34"]
[White "Herrero Corada, Jose Ignacio"]
[Black "Velasco Garcia, Jorge Juan"]
[Result "1-0"]
[WhiteElo "1852"]
[BlackElo "1927"]
[PlyCount "33"]
[EventDate "2011.08.23"]
[EventType "swiss"]
[EventRounds "9"]
[EventCountry "ESP"]
[Source "lmi"]
[SourceDate "2011.08.23"]

1. e4 e5 2. Nf3 Nf6 3. Bc4 Nxe4 4. Nc3 Nd6 5. Bb3 e4 6. Ne5 Qg5 7. Ng4 f5 8.
Ne3 Be7 9. d3 Nc6 10. O-O Ne5 11. Ned5 Qg6 12. Nxc7+ Kd8 13. Nxa8 Ne8 14. Bf4
Bd6 15. dxe4 fxe4 16. Bg3 Nf6 17. Qxd6 1-0

[Event "26.Torneo Collado Villalba 2011"]
[Site "Collado Villalba ESP"]
[Date "2011.08.28"]
[Round "6.1"]
[White "Fernandez Cardoso, Alexey"]
[Black "Ortega Ruiz, Jose Miguel"]
[Result "1/2-1/2"]
[WhiteElo "2450"]
[BlackElo "2248"]
[PlyCount "95"]
[EventDate "2011.08.23"]
[EventType "swiss"]
[EventRounds "9"]
[EventCountry "ESP"]
[Source "lmi"]
[SourceDate "2011.08.23"]

1. e4 e5 2. Nf3 Nc6 3. Bc4 Nf6 4. d3 Bc5 5. Bb3 d6 6. c3 O-O 7. Nbd2 Ne7 8. h3
Ng6 9. Nf1 d5 10. Qc2 c6 11. Ng3 Be6 12. O-O dxe4 13. dxe4 Bxb3 14. axb3 Qc7
15. b4 Bb6 16. Bg5 Nd7 17. Nf5 c5 18. Qb3 h6 19. Be7 Rfe8 20. Bd6 Qd8 21. Rad1
Qf6 22. Bxc5 Nxc5 23. bxc5 Bxc5 24. Qxb7 Nf4 25. b4 Rab8 26. Qd7 Red8 27. Qa4
Ne2+ 28. Kh1 Rxd1 29. Qxd1 Nxc3 30. Qd3 Bxb4 31. Rc1 a5 32. Rxc3 Bxc3 33. Qxc3
g6 34. Nxh6+ Kh7 35. Nxf7 Rb1+ 36. Kh2 Qf4+ 37. g3 Qc1 38. N3g5+ Kg8 39. Nh6+
Kf8 40. Qf3+ Ke8 41. Qf7+ Kd8 42. Ne6+ Kc8 43. Qe8+ Kb7 44. Qd7+ Kb6 45. Qd6+
Ka7 46. Qd7+ Kb6 47. Qd8+ Kb5 48. Qd5+ 1/2-1/2

[Event "26.Torneo Collado Villalba 2011"]
[Site "Collado Villalba ESP"]
[Date "2011.08.28"]
[Round "6.2"]
[White "Moreno Tejera, Emilio"]
[Black "Sanchez Gonzalez, Sergio"]
[Result "1-0"]
[WhiteElo "2264"]
[BlackElo "2302"]
[PlyCount "47"]
[EventDate "2011.08.23"]
[EventType "swiss"]
[EventRounds "9"]
[EventCountry "ESP"]
[Source "lmi"]
[SourceDate "2011.08.23"]

1. e4 c5 2. Nf3 d6 3. d4 cxd4 4. Nxd4 Nf6 5. Nc3 e6 6. Bc4 Be7 7. Bb3 Na6 8. f4
O-O 9. e5 dxe5 10. fxe5 Nd7 11. Bf4 Qa5 12. Qe2 Bb4 13. O-O Bc5 14. Rad1 Nb4
15. Kh1 b6 16. Nxe6 fxe6 17. Bxe6+ Kh8 18. Bxd7 Nxa2 19. Nb5 Bxd7 20. Rxd7 Qa4
21. b3 Qb4 22. Qg4 g6 23. Qh4 h5 24. Qg5 1-0

[Event "26.Torneo Collado Villalba 2011"]
[Site "Collado Villalba ESP"]
[Date "2011.08.28"]
[Round "6.3"]
[White "Renteria, Jorge"]
[Black "Bermejo Arruego, Luis"]
[Result "1-0"]
[WhiteElo "2320"]
[BlackElo "2157"]
[PlyCount "65"]
[EventDate "2011.08.23"]
[EventType "swiss"]
[EventRounds "9"]
[EventCountry "ESP"]
[Source "lmi"]
[SourceDate "2011.08.23"]

1. e4 c5 2. Nf3 g6 3. d4 cxd4 4. Nxd4 Nf6 5. Nc3 Nc6 6. Nxc6 dxc6 7. Qxd8+ Kxd8
8. Bf4 Nd7 9. Bc4 e5 10. Bg3 f6 11. O-O-O h5 12. h4 Ke8 13. Kb1 Nc5 14. a4 Be6
15. Be2 b6 16. f3 Be7 17. b4 Nd7 18. b5 Bb4 19. Be1 Rc8 20. bxc6 Bxc3 21. Bxc3
Rxc6 22. Bb2 Bc4 23. Bxc4 Rxc4 24. Rd6 Rxa4 25. Rc6 Kd8 26. Rd1 Rf8 27. Bc3 Rf7
28. Rd5 b5 29. Rxb5 Nb6 30. Ba5 Rb7 31. Bxb6+ Rxb6 32. Rbxb6 axb6 33. Rxf6 1-0

[Event "26.Torneo Collado Villalba 2011"]
[Site "Collado Villalba ESP"]
[Date "2011.08.28"]
[Round "6.4"]
[White "Semprun Martinez, Fernando"]
[Black "Vazquez Igarza, Renier"]
[Result "0-1"]
[WhiteElo "2239"]
[BlackElo "2561"]
[PlyCount "52"]
[EventDate "2011.08.23"]
[EventType "swiss"]
[EventRounds "9"]
[EventCountry "ESP"]
[Source "lmi"]
[SourceDate "2011.08.23"]

1. e4 e5 2. Nf3 Nf6 3. Nc3 Nc6 4. Bb5 Nd4 5. O-O Nxb5 6. Nxb5 c6 7. Nc3 d6 8.
d4 Qc7 9. h3 Be7 10. Be3 b5 11. a3 O-O 12. Qd3 a5 13. b4 Rd8 14. d5 h6 15. Rfb1
Bd7 16. g4 cxd5 17. exd5 Rdc8 18. Nxb5 Qxc2 19. Qxc2 Rxc2 20. bxa5 Rxa5 21. a4
Nxd5 22. Bd2 Rc6 23. Rc1 Rxc1+ 24. Rxc1 Rxa4 25. Nc3 Nxc3 26. Rxc3 Ra7 0-1

[Event "26.Torneo Collado Villalba 2011"]
[Site "Collado Villalba ESP"]
[Date "2011.08.28"]
[Round "6.6"]
[White "Roa Alonso, Santiago"]
[Black "Salgado Lopez, Oscar"]
[Result "1-0"]
[WhiteElo "2428"]
[BlackElo "2219"]
[PlyCount "59"]
[EventDate "2011.08.23"]
[EventType "swiss"]
[EventRounds "9"]
[EventCountry "ESP"]
[Source "lmi"]
[SourceDate "2011.08.23"]

1. d4 d5 2. c4 c6 3. Nf3 Nf6 4. Nc3 a6 5. c5 g6 6. Bf4 Nbd7 7. h3 Bg7 8. e3 O-O
9. Be2 Ne8 10. b4 Nc7 11. O-O Re8 12. Qb3 e5 13. Bg5 Bf6 14. Bxf6 Qxf6 15. dxe5
Nxe5 16. Nd4 Ne6 17. Rad1 Nd7 18. Nxe6 Qxe6 19. e4 dxe4 20. Bc4 Qf5 21. Nxe4
Rxe4 22. Bd3 Qe6 23. Bxe4 Qxe4 24. Rfe1 Qf5 25. Re8+ Kg7 26. Rd6 a5 27. Qb2+ f6
28. Qd4 Ne5 29. Re7+ Kh6 30. Qh4+ 1-0